Paesi al meridiano ovest di 30 gradi - Statistics

Statistiche generali
  • Questo quiz è stato fatto 31 volte
  • Il punteggio medio è 14 su 20
Statistiche sulle risposte
gradi nazione % Corretto
1.09° Portogallo
87%
21.82° Regno Unito
87%
12.90° Sahara Occidentale
87%
11.83° Spagna
87%
12.46° Senegal
83%
19.52° Irlanda
80%
5.43° Islanda
80%
12.93° Mauritania
80%
13.18° Gambia
73%
14.91° Guinea
73%
17.76° Mali
73%
16.68° Sierra Leone
70%
18.50° Liberia
67%
21.39° Côte d'Ivoire
63%
13.30° Guinea-Bissau
63%
4.62° Capo Verde
60%
21.32° Algeria
57%
4.82° Brasile
53%
Groenlandia
23%
22.31° Fær Øer
10%
Nessun quiz corrispondente trovato
Distribuzione punteggi
Percentuale di utenti per punteggio
Percentile per numero di risposta
I tuoi punteggi nel tempo
Non hai fatto questo quiz